000 00435nam a22001577a 4500
999 _c164282
_d164282
005 20190515132805.0
010 _aA-259068
035 _aA-259068
037 _bCollins London And Glasgow.
082 _a881
100 _aFitzerald, Edward.
245 _aRubaiyat of amar khayyam /
_cEdward Fitzeralo.
260 _bCollins London And Glasgow.
_c1953
300 _a320p
_c18cm (hbk)
942 _2ddc
_cEN
_h881
_mKHA